Statistics for Countries that Start with L - Shape Quiz

Click here to take the quiz!

General Stats

  • This quiz has been taken 689 times
    (216 since last reset)
  • The average score is 7 of 9

Answer Stats

Country % Correct
Laos
98%
Libya
97%
Lithuania
87%
Latvia
86%
Liberia
85%
Lebanon
77%
Luxembourg
77%
Liechtenstein
74%
Lesotho
66%

Score Distribution

Percentile by Number Answered

Percent of People with Each Score

Your Score History

You have not taken this quiz since the last reset